| 000 | 00611nam a22001937a 4500 | ||
|---|---|---|---|
| 003 | 0 | ||
| 005 | 20240814121452.0 | ||
| 008 | 240814b xxu||||| |||| 00| 0 eng d | ||
| 020 | _a978-1-284-18479-1 | ||
| 050 |
_aQA 76.9 _b.H86 2022 |
||
| 100 | _aHunter, David J. | ||
| 245 |
_aEssentials of discrete mathematics _cDavid J. Hunter |
||
| 250 | _aFourth edition | ||
| 260 |
_aBurlington, London _bJones & Barlett Learning _c2022 |
||
| 300 |
_axii, 354 pages ; _c28cm. |
||
| 504 | _aIncludes bibliographical references, index, and glossary. | ||
| 650 | _aComputer science--Mathematics. | ||
| 942 |
_2lcc _cBK |
||
| 999 |
_c366093 _d366093 |
||